000 00425nam a2200157 a 4500
001 37475
005 20180714010427.0
008 140415s1970 sp 000 0 spa d
041 _aspa
082 _a299.09
_bHIS
245 0 0 _aHISTORIA DE LAS RELIGIONES :
_bCONFERENCIAS
250 _a1a ed.
260 _aESPAÑA :
_bEDICIONES CULTURA HISPANICA,
_c1970
300 _a176
650 1 4 _aRELIGIONES
_xHISTORIA
999 _c37475
_d37475